00515nam a2200157Ia 4500003000400000005001700004008004100021040001800062041000800080082001500088100004500103245015200148260002900300600001400329650001400343OSt20260331103445.0211028s2010 xx 000 0 und d cAIMIT LIBRARY aeng a658.8 PREE aPreetham B R;Shanbhag, Santhosh.g816099 aTo analyse the feasibility of implementation of online campus management solutions of vrixx by campuses (engineering and management) in Mangalore / bShanbhag, Santhoshc2010 aMarketing aMarketing